Design drawing experiences / (Record no. 185841)
[ view plain ]
| 000 -LEADER | |
|---|---|
| fixed length control field | 01082 a2200217 4500 |
| 003 - CONTROL NUMBER IDENTIFIER | |
| control field | Nust |
| 005 - DATE AND TIME OF LATEST TRANSACTION | |
| control field | 20221014121201.0 |
| 010 ## - LIBRARY OF CONGRESS CONTROL NUMBER | |
| LC control number | 74016002 |
| 020 ## - INTERNATIONAL STANDARD BOOK NUMBER | |
| International Standard Book Number | 0914468006 : |
| 040 ## - CATALOGING SOURCE | |
| Transcribing agency | Nust |
| 082 00 - DEWEY DECIMAL CLASSIFICATION NUMBER | |
| Classification number | 604.2,LOC |
| 100 1# - MAIN ENTRY--PERSONAL NAME | |
| Personal name | Lockard, William Kirby, |
| 9 (RLIN) | 100322 |
| 245 10 - TITLE STATEMENT | |
| Title | Design drawing experiences / |
| Statement of responsibility, etc. | William Kirby Lockard. |
| 260 ## - PUBLICATION, DISTRIBUTION, ETC. | |
| Place of publication, distribution, etc. | Tucson, Ariz. : |
| Name of publisher, distributor, etc. | Pepper Pub., |
| Date of publication, distribution, etc. | 1975. |
| 300 ## - PHYSICAL DESCRIPTION | |
| Extent | 101, [20] leaves : |
| Other physical details | ill. ; |
| Dimensions | 22 x 29 cm. |
| 505 ## - FORMATTED CONTENTS NOTE | |
| Formatted contents note | Introduction (Page-2),Visual Metaphors (Page-9),Conceptual Doodles (Page-14),Ways Of Drawing (Page-19),Spatial Structure (Page-28),Light (Page-40),Materials (Page-49),Reflections (Page-54),Context (Page-62),Humanizing Elements (Page-67),Figures (Page-71),Functional Objects Or Environments (Page-76),Drawings Interest (Page-81),Lines And Tons Payoff (Page-87),Refinements (Page-97),Emphasis (Page-103),Black And White On Colored Middleton (Page-109),Ozalid Prints (Page-110). |
| 650 #0 - SUBJECT ADDED ENTRY--TOPICAL TERM | |
| Topical term or geographic name entry element | Architectural drawing. |
| 9 (RLIN) | 25520 |
| 650 #0 - SUBJECT ADDED ENTRY--TOPICAL TERM | |
| Topical term or geographic name entry element | Architectural rendering. |
| 9 (RLIN) | 100323 |
| 650 #0 - SUBJECT ADDED ENTRY--TOPICAL TERM | |
| Topical term or geographic name entry element | Drawing. |
| 9 (RLIN) | 28332 |
| 942 ## - ADDED ENTRY ELEMENTS (KOHA) | |
| Source of classification or shelving scheme | |
| Koha item type | Book |
| Withdrawn status | Lost status | Source of classification or shelving scheme | Damaged status | Not for loan | Permanent Location | Current Location | Shelving location | Date acquired | Full call number | Barcode | Date last seen | Price effective from | Koha item type | Public note |
|---|---|---|---|---|---|---|---|---|---|---|---|---|---|---|
| Military College of Signals (MCS) | Military College of Signals (MCS) | General Stacks | 12/12/2016 | 604.2,LOC | MCS6006 | 12/08/2016 | 12/12/2016 | Book | Almirah No.26, Shelf No.2 |
